| 000 | 00525nam a2200157 a 4500 | ||
|---|---|---|---|
| 001 | 000033971 | ||
| 005 | 20200930070651.0 | ||
| 008 | 110915s1942 dr 000 0 spa d | ||
| 040 |
_aDO-SdBNP _bspa _cBNPHU |
||
| 082 |
_axxx _bJ82s |
||
| 100 | 1 |
_aJorge Rivas, R. A. _957475 |
|
| 245 | 1 | 0 |
_aSangre y odio / _cR. A. Jorge Rivas ; introducción Rafael Meyreles Soler. |
| 260 |
_aSantiago, República Dominicana : _bTalleres Muchas Gracias, _c1942. |
||
| 300 |
_a67 p. ; _c17 cm. |
||
| 700 | 1 |
_ameyreles Soler, Rafael, _eintrod. _937745 |
|
| 999 |
_c33462 _d33462 |
||